Shows Broadcast on NBC - Statistics

General Stats
  • This quiz has been taken 75 times
  • The average score is 6 of 42
Answer Stats
Answer % Correct
Parks and Recreation
51%
The Office
49%
30 Rock
42%
Community
37%
The Today Show
37%
The Voice
30%
Law and Order: SVU
28%
Saturday Night Live
28%
Days Of Our Lives
23%
America's Got Talent
21%
NBC Nightly News
21%
Up All Night
21%
Dateline NBC
19%
Late Night With Jimmy Fallon
19%
The Tonight Show With Jay Leno
19%
Chicago Fire
16%
Grimm
16%
Parenthood
16%
Revolution
16%
Smash
14%
Sunday Night Football
14%
The Apprentice
14%
The Biggest Loser
14%
Go On
12%
Whitney
12%
The New Normal
9%
Guys With Kids
5%
Jim Henson's Pajanimals
5%
Last Call With Carson Daly
5%
Betty White's Off Their Rockers
2%
Fashion Star
2%
Lazytown
2%
Love In The Wild
2%
Meet The Press
2%
Noodle and Doodle
2%
Poppy Cat
2%
Rock Center With Brian Williams
2%
Animal Practice
0%
Early Today
0%
Justin Time
0%
Mad Money
0%
The Wiggles
0%
No matching quizzes found
Score Distribution
Percent of People with Each Score
Percentile by Number Answered
Your Score History
You have not taken this quiz